000 00918nam a22002897a 4500
003 0
005 20180630150707.0
008 0
010 _aB-130137
020 _c995.00
_a817307075
035 _aB-130137, B-130138
037 _bCen Lib/Ret
040 _aDPL
_bEN
_c0
082 _a954.02
_bKUL
100 _aKulkarni, A. R
_938879
245 _aStudies in history of the Deccan :
_cby A.R. Kulkarni ; edited by M. A. Nayeem, Aniruddha Ray [and] K. S. Mathew
_bmedieval and modern /
260 _aDelhi
_bPragati Publications
_c2002
270 _a9926 Library Road, Azad Market
_bDelhi
_e110006
300 _axii,352p.
_c25cm(Hb)
500 _aIncludes index
650 _aDeccan (India) -- History
_930378
650 _aIndia -- Deccan
_938880
700 _aNayeem, M. A
_938871
700 _aRay, Aniruddha
_930285
700 _aMathew, K. S
_930543
942 _2ddc
_cEN
_h954.02
_mKUL
999 _c133772
_d133772